Valparaíso reencontrado
I tiakina i:
| Kaituhi matua: | |
|---|---|
| Hōputu: | Pukapuka |
| Reo: | Pāniora Ingarihi |
| I whakaputaina: |
Valparaíso, Chile
Ediciones Universitarias
2011
|
| Putanga: | Primera edición |
| Ngā marau: | |
| Ngā Tūtohu: |
Tāpirihia he Tūtohu
Kāore He Tūtohu, Me noho koe te mea tuatahi ki te tūtohu i tēnei pūkete!
|
MARC
| LEADER | 00000cam a2200000 a 4500 | ||
|---|---|---|---|
| 001 | UCG7761 | ||
| 003 | CL-VaPUC | ||
| 005 | 20250221124001.0 | ||
| 008 | 110909e20110000CL |||||||||||||||||spa|d | ||
| 999 | |c 345528 |d 345526 | ||
| 020 | |a 9789561704831 | ||
| 040 | |c Pontificia Universidad Católica de Valparaíso | ||
| 041 | 0 | 7 | |a spa |2 CL-VaPUC |
| 041 | 0 | 7 | |a eng |2 CL-VaPUC |
| 082 | 0 | 4 | |a 983.255 OLI 2011 |2 21 |
| 100 | |a Olivares Salinas, Guido |e autor |9 585301 | ||
| 245 | 1 | 0 | |a Valparaíso reencontrado |
| 246 | 1 | 0 | |a Valparaíso revisited |
| 250 | |a Primera edición | ||
| 260 | |a Valparaíso, Chile |b Ediciones Universitarias |c 2011 | ||
| 300 | |a 116 páginas | ||
| 583 | |a last modification |c 20140717 09:08:22 |k Rodrigo Vera | ||
| 650 | 0 | |a Historia de Chile |9 265473 | |
| 650 | 0 | |a Historia de Valparaíso |z CHILE |9 460237 | |
| 650 | 0 | |a Ciudades |z VALPARAISO |z CHILE |9 265474 | |
| 852 | |a BIBCUR | ||
| 942 | |c BK |2 ddc | ||
| 945 | |d 20110909 00:00:00 |a dcastane | ||
| 952 | |0 0 |1 0 |2 ddc |4 0 |6 983_255000000000000_OLI_2011 |7 0 |8 X |9 444358 |a FDOBUD |b FDOBUD |d 2019-11-22 |i 4790936 |o 983.255 OLI 2011 |p 4790936 |r 2019-11-22 |t 2 |w 2019-11-22 |y BK_X |k FHP | ||
| 952 | |0 0 |1 0 |2 ddc |4 0 |6 983_255000000000000_OLI_2011 |7 0 |8 A |9 444359 |a BIBING |b BIBING |d 2019-11-22 |i 4836758 |o 983.255 OLI 2011 |p 4836758 |r 2025-01-20 |t 3 |w 2019-11-22 |y BK |k CUI | ||
| 952 | |0 0 |1 0 |2 ddc |3 erb |4 0 |6 983_255000000000000_OLI_2011 |7 0 |8 X |9 444360 |a BIBHIS |b BIBHIS |i 5075394 |o 983.255 OLI 2011 |p 5075394 |r 2024-01-30 |t 1 |w 2019-11-22 |y BK_X |z Catalogado en:20140710 |k HIS | ||